000 00509 a2200205 4500
005 20260124125921.0
008 260122b |||||||| |||| 00| 0 eng d
020 _a9788172334208
_cRs. 3250.00
040 _aMAIN
082 _a576
_bJ221G
100 _aJamaluddin
245 _aGeneral microbiology
260 _bScientific Publishers
_c2025
_aJodhpur
300 _aiv, 422
650 _aMicrobiology
650 _aTaxonomy
650 _aGene Expression
700 _aMalaviya, Naveen
942 _cBK
999 _c395726
_d395726